[Event "Hengshui IMSA blitz (Women)"]
[Site "Hengshui"]
[Date "2019.05.18"]
[Round "19"]
[White "Krush, Irina"]
[Black "Kosteniuk, Alexandra"]
[Result "1-0"]
[WhiteElo "2422"]
[BlackElo "2546"]
[PlyCount "93"]
[EventDate "2019.05.17"]
[EventType "swiss (blitz)"]
[EventRounds "22"]
[EventCountry "CHN"]
[SourceTitle "CBM 190 Extra"]
[Source "ChessBase"]
[SourceDate "2019.07.15"]
[SourceVersion "1"]
[SourceVersionDate "2019.07.15"]
[SourceQuality "1"]

1. d4 Nf6 2. c4 e6 3. Nc3 Bb4 4. e3 b6 5. Nge2 Bb7 6. a3 Be7 7. d5 O-O 8. g3 d6
9. Bg2 e5 10. b4 a5 11. Rb1 Nbd7 12. O-O Re8 13. e4 Bf8 14. f4 exf4 15. gxf4
axb4 16. axb4 b5 17. cxb5 Nb6 18. Nd4 Qd7 19. Nc6 Qg4 20. Qd3 g6 21. Bb2 Bg7
22. Kh1 Qh4 23. Ne2 Ra2 24. Bd4 Ng4 25. Bg1 Bxc6 26. bxc6 Rea8 27. Qg3 Qxg3 28.
Nxg3 Nc4 29. Rfd1 Nce3 30. Bxe3 Nxe3 31. Rg1 Bd4 32. Bf3 Rf2 33. Be2 Ra2 34.
Rge1 Bc3 35. Rec1 Bd4 36. Re1 Rxf4 37. b5 Bb6 38. Ra1 Rc2 39. Rec1 Rd2 40. Ra6
Ng4 41. Bxg4 Rxg4 42. Rxb6 Rh4 43. Rb8+ Kg7 44. Nf1 Rb2 45. b6 g5 46. bxc7 g4
47. Rxb2 1-0

[Event "Hengshui IMSA blitz (Women)"]
[Site "Hengshui"]
[Date "2019.05.18"]
[Round "20"]
[White "Kosteniuk, Alexandra"]
[Black "Krush, Irina"]
[Result "1-0"]
[WhiteElo "2546"]
[BlackElo "2422"]
[PlyCount "89"]
[EventDate "2019.05.17"]
[EventType "swiss (blitz)"]
[EventRounds "22"]
[EventCountry "CHN"]
[SourceTitle "CBM 190 Extra"]
[Source "ChessBase"]
[SourceDate "2019.07.15"]
[SourceVersion "1"]
[SourceVersionDate "2019.07.15"]
[SourceQuality "1"]

1. e4 c5 2. Nf3 d6 3. d4 cxd4 4. Nxd4 Nf6 5. Nc3 Nc6 6. Bg5 Qb6 7. Nb3 g6 8.
Be3 Qc7 9. Be2 Bg7 10. O-O O-O 11. f4 a6 12. Bf3 Rb8 13. g4 b5 14. g5 Nd7 15.
Nd5 Qd8 16. Rb1 Bb7 17. Bg2 b4 18. f5 e6 19. f6 exd5 20. fxg7 Kxg7 21. exd5
Nce5 22. Qd4 a5 23. Qh4 Kg8 24. Nd2 f5 25. gxf6 Rxf6 26. Bg5 Rxf1+ 27. Rxf1
Qb6+ 28. Kh1 Rf8 29. Rxf8+ Nxf8 30. Be7 Qe3 31. Nf1 Qe2 32. Qf6 Nfd7 33. Qe6+
Kg7 34. Bxd6 Ba6 35. Bc7 Qe1 36. Qxa6 Ng4 37. Bg3 Qd1 38. Qe6 Ndf6 39. h3 Nh6
40. Be5 Nhg8 41. d6 Qe2 42. d7 Qd1 43. Bxf6+ Nxf6 44. Qe7+ Kh6 45. d8=Q 1-0

[Event "Hengshui IMSA blitz (Women)"]
[Site "Hengshui"]
[Date "2019.05.18"]
[Round "22"]
[White "Abdumalik, Zhansaya"]
[Black "Kosteniuk, Alexandra"]
[Result "1-0"]
[WhiteElo "2464"]
[BlackElo "2546"]
[PlyCount "87"]
[EventDate "2019.05.17"]
[EventType "swiss (blitz)"]
[EventRounds "22"]
[EventCountry "CHN"]
[SourceTitle "CBM 190 Extra"]
[Source "ChessBase"]
[SourceDate "2019.07.15"]
[SourceVersion "1"]
[SourceVersionDate "2019.07.15"]
[SourceQuality "1"]

1. e4 e5 2. Nf3 Nf6 3. Nxe5 d6 4. Nf3 Nxe4 5. Nc3 Nxc3 6. dxc3 Be7 7. Be3 Nd7
8. Qd2 O-O 9. O-O-O Nf6 10. Kb1 c5 11. h4 b5 12. Bxb5 Rb8 13. Bc4 Qb6 14. Qc1
Bb7 15. Bg5 d5 16. Bxf6 Bxf6 17. Bxd5 Bxd5 18. Rxd5 Bxc3 19. b3 c4 20. Qe3 cxb3
21. cxb3 Qb4 22. Rc1 Bf6 23. Qd3 Qa3 24. Rc2 Rfe8 25. g4 g6 26. g5 Bg7 27. Rd7
a5 28. Qd5 Rf8 29. Ne5 Bxe5 30. Qxe5 a4 31. Rxf7 Rxf7 32. Qxb8+ Rf8 33. Qb5 Qd6
34. Qxa4 Qd1+ 35. Kb2 Rd8 36. Qc4+ Kh8 37. Qc3+ Kg8 38. a4 Rd3 39. Qc8+ Rd8 40.
Qc4+ Kg7 41. a5 Rd3 42. a6 Rd7 43. Qc3+ Kf7 44. Qc5 1-0

[Event "chess.com Speed (Women)"]
[Site "Chess.com INT"]
[Date "2019.05.26"]
[Round "1.1"]
[White "Kosteniuk, Alexandra"]
[Black "Zatonskih, Anna"]
[Result "1/2-1/2"]
[WhiteElo "2546"]
[BlackElo "2424"]
[PlyCount "140"]
[EventDate "2019.05.22"]
[EventType "k.o. (blitz)"]
[EventRounds "3"]
[EventCountry "USA"]
[SourceTitle "CBM 190 Extra"]
[Source "ChessBase"]
[SourceDate "2019.07.15"]
[SourceVersion "1"]
[SourceVersionDate "2019.07.15"]
[SourceQuality "1"]

1. Nf3 d5 2. g3 Nf6 3. Bg2 e6 4. O-O Be7 5. b3 O-O 6. Bb2 c5 7. d4 Nc6 8. c4
cxd4 9. Nxd4 Nxd4 10. Qxd4 dxc4 11. Qxc4 a6 12. Nc3 b5 13. Qf4 Ra7 14. Rfd1 Rd7
15. Rxd7 Bxd7 16. Rc1 Qb8 17. Qxb8 Rxb8 18. Ne4 Nxe4 19. Bxe4 Rc8 20. Rxc8+
Bxc8 21. Bc6 f6 22. f4 Kf7 23. Kg2 Bc5 24. Kf3 h6 25. g4 Ke7 26. a4 bxa4 27.
bxa4 Kd6 28. Be4 Bd7 29. Bc2 Bc6+ 30. e4 Ke7 31. h4 g6 32. Bc3 f5 33. a5 Kf7
34. h5 gxh5 35. gxh5 Bb7 36. Bd3 Ba7 37. Be5 Bc5 38. Bc7 Ke7 39. Be5 Kf7 40.
Bc2 Bb4 41. Bc7 Bc5 42. Bb6 Bxb6 43. axb6 Ke7 44. Ke3 fxe4 45. Bxe4 Bxe4 46.
Kxe4 Kd6 47. b7 Kc7 48. Ke5 a5 49. Kxe6 a4 50. f5 a3 51. f6 a2 52. f7 a1=Q 53.
b8=Q+ Kxb8 54. f8=Q+ Kc7 55. Qd6+ Kc8 56. Kf7 Qc1 57. Kg7 Qe3 58. Qxh6 Qe7+ 59.
Kg6 Qe6+ 60. Kh7 Qf7+ 61. Kh8 Kd8 62. Qg6 Ke7 63. Qg7 Ke8 64. h6 Qf8+ 65. Kh7
Qf7 66. Kh8 Qf8+ 67. Qg8 Ke7 68. Kh7 Qf7+ 69. Qg7 Ke8 70. Kh8 Qf8+ 1/2-1/2

[Event "chess.com Speed (Women)"]
[Site "Chess.com INT"]
[Date "2019.05.26"]
[Round "1.2"]
[White "Zatonskih, Anna"]
[Black "Kosteniuk, Alexandra"]
[Result "0-1"]
[WhiteElo "2424"]
[BlackElo "2546"]
[PlyCount "80"]
[EventDate "2019.05.22"]
[EventType "k.o. (blitz)"]
[EventRounds "3"]
[EventCountry "USA"]
[SourceTitle "CBM 190 Extra"]
[Source "ChessBase"]
[SourceDate "2019.07.15"]
[SourceVersion "1"]
[SourceVersionDate "2019.07.15"]
[SourceQuality "1"]

1. d4 Nf6 2. c4 e6 3. Nf3 d5 4. Nc3 dxc4 5. e3 a6 6. a4 b6 7. Bxc4 Bb7 8. O-O
Bb4 9. Qe2 O-O 10. Rd1 Qe7 11. Na2 Bd6 12. Nc3 Bb4 13. Bd3 Nbd7 14. e4 e5 15.
d5 Nh5 16. g3 g6 17. Bh6 Ng7 18. Nh4 Bc5 19. Kh1 Bd4 20. Nf3 Nc5 21. Bc2 Bxc3
22. bxc3 Rfe8 23. a5 b5 24. c4 bxc4 25. Qxc4 Qd6 26. Rab1 Bc8 27. Nd2 f5 28.
Be3 Nd7 29. Ba4 Rd8 30. Qc6 Rb8 31. Nc4 Qxc6 32. dxc6 Rxb1 33. Rxb1 Nf6 34. Rb8
Nxe4 35. Nxe5 Re8 36. f4 Be6 37. Rxe8+ Nxe8 38. Ba7 Bd5 39. Nd7 Nc5+ 40. Kg1
Nxa4 0-1

[Event "chess.com Speed (Women)"]
[Site "Chess.com INT"]
[Date "2019.05.26"]
[Round "1.3"]
[White "Kosteniuk, Alexandra"]
[Black "Zatonskih, Anna"]
[Result "1-0"]
[WhiteElo "2546"]
[BlackElo "2424"]
[PlyCount "57"]
[EventDate "2019.05.22"]
[EventType "k.o. (blitz)"]
[EventRounds "3"]
[EventCountry "USA"]
[SourceTitle "CBM 190 Extra"]
[Source "ChessBase"]
[SourceDate "2019.07.15"]
[SourceVersion "1"]
[SourceVersionDate "2019.07.15"]
[SourceQuality "1"]

1. c4 e5 2. Nc3 d6 3. g3 g6 4. Bg2 Bg7 5. e3 f5 6. Nge2 c6 7. d4 Qe7 8. b3 Nf6
9. Bb2 O-O 10. O-O a5 11. c5 dxc5 12. dxe5 Ng4 13. Na4 Nxe5 14. Nb6 Ra6 15.
Nxc8 Rxc8 16. Qc2 Nbd7 17. Rad1 Raa8 18. Nf4 Rd8 19. Ba3 b6 20. Bb2 Rac8 21.
Rd2 Nb8 22. Rfd1 Bf6 23. h4 Kf7 24. Rxd8 Rxd8 25. Rxd8 Qxd8 26. Bxe5 Bxe5 27.
Qc4+ Ke8 28. Qg8+ Kd7 29. Qe6+ 1-0

[Event "chess.com Speed (Women)"]
[Site "Chess.com INT"]
[Date "2019.05.26"]
[Round "1.4"]
[White "Zatonskih, Anna"]
[Black "Kosteniuk, Alexandra"]
[Result "1/2-1/2"]
[WhiteElo "2424"]
[BlackElo "2546"]
[PlyCount "48"]
[EventDate "2019.05.22"]
[EventType "k.o. (blitz)"]
[EventRounds "3"]
[EventCountry "USA"]
[SourceTitle "CBM 190 Extra"]
[Source "ChessBase"]
[SourceDate "2019.07.15"]
[SourceVersion "1"]
[SourceVersionDate "2019.07.15"]
[SourceQuality "1"]

1. d4 Nf6 2. c4 e6 3. Nf3 d5 4. e3 b6 5. Nbd2 Bb7 6. Bd3 Be7 7. O-O O-O 8. b3
c5 9. Bb2 cxd4 10. Nxd4 dxc4 11. Bxc4 Nc6 12. Nxc6 Bxc6 13. Qe2 Qb8 14. Nf3 Qb7
15. Rfd1 Rad8 16. Ba6 Qa8 17. h3 Rxd1+ 18. Rxd1 Rd8 19. Rxd8+ Qxd8 20. Bd3 Qd5
21. Bc4 Qe4 22. Bd3 Qd5 23. Bc4 Qe4 24. Bd3 Qd5 1/2-1/2

[Event "chess.com Speed (Women)"]
[Site "Chess.com INT"]
[Date "2019.05.26"]
[Round "1.5"]
[White "Kosteniuk, Alexandra"]
[Black "Zatonskih, Anna"]
[Result "1/2-1/2"]
[WhiteElo "2546"]
[BlackElo "2424"]
[PlyCount "106"]
[EventDate "2019.05.22"]
[EventType "k.o. (blitz)"]
[EventRounds "3"]
[EventCountry "USA"]
[SourceTitle "CBM 190 Extra"]
[Source "ChessBase"]
[SourceDate "2019.07.15"]
[SourceVersion "1"]
[SourceVersionDate "2019.07.15"]
[SourceQuality "1"]

1. e4 e5 2. Nf3 Nf6 3. Nxe5 d6 4. Nf3 Nxe4 5. Bd3 Nf6 6. O-O Be7 7. c3 O-O 8.
Bc2 Bg4 9. d4 Re8 10. Re1 Nbd7 11. Nbd2 Nf8 12. Nf1 c6 13. Ng3 Ng6 14. h3 Be6
15. Ng5 Bd7 16. Nf5 Bf8 17. Rxe8 Qxe8 18. Bd2 h6 19. Nf3 Ne4 20. Ng3 d5 21. Qe1
Nxg3 22. fxg3 Qxe1+ 23. Rxe1 Bd6 24. Kf2 Re8 25. Rxe8+ Bxe8 26. g4 Bd7 27. Bf5
Bxf5 28. gxf5 Ne7 29. g4 f6 30. Ne1 h5 31. Kf3 hxg4+ 32. hxg4 g6 33. Bf4 Bxf4
34. Kxf4 Kf7 35. Nd3 b6 36. a4 g5+ 37. Ke3 Ke8 38. b3 Kd7 39. c4 Nc8 40. c5 Ne7
41. b4 Kc7 42. b5 Ng8 43. Nb4 bxc5 44. dxc5 Ne7 45. bxc6 a5 46. Nc2 Nxc6 47.
Na1 Ne5 48. Nb3 Kc6 49. Kd4 Nf3+ 50. Ke3 Ne5 51. Kd4 Nf3+ 52. Ke3 Ne5 53. Kd4
Nf3+ 1/2-1/2

[Event "chess.com Speed (Women)"]
[Site "Chess.com INT"]
[Date "2019.05.26"]
[Round "1.6"]
[White "Zatonskih, Anna"]
[Black "Kosteniuk, Alexandra"]
[Result "1-0"]
[WhiteElo "2424"]
[BlackElo "2546"]
[PlyCount "109"]
[EventDate "2019.05.22"]
[EventType "k.o. (blitz)"]
[EventRounds "3"]
[EventCountry "USA"]
[SourceTitle "CBM 190 Extra"]
[Source "ChessBase"]
[SourceDate "2019.07.15"]
[SourceVersion "1"]
[SourceVersionDate "2019.07.15"]
[SourceQuality "1"]

1. d4 Nf6 2. c4 e6 3. Nc3 Bb4 4. e3 O-O 5. Bd3 d5 6. Nge2 b6 7. a3 Be7 8. O-O
Bb7 9. Ng3 dxc4 10. Bxc4 c5 11. dxc5 Bxc5 12. b4 Be7 13. Bb2 Nbd7 14. Rc1 a5
15. Qb3 axb4 16. axb4 Ne5 17. Rfd1 Qe8 18. Bf1 Qb8 19. Nb5 Bd5 20. Qc3 Nc6 21.
e4 Nxb4 22. exd5 Na2 23. Qf3 Nxc1 24. d6 Bd8 25. Rxc1 Ra2 26. Qb3 Ra5 27. Bc3
Ra8 28. Bc4 Qb7 29. Re1 Nd5 30. Bxd5 Qxd5 31. Qxd5 exd5 32. Nf5 f6 33. Ne7+ Kf7
34. Nxd5 Ra2 35. g3 Re8 36. Rd1 Ra4 37. Bd4 Kg6 38. Bxb6 Bxb6 39. Nxb6 Rb4 40.
Nc7 Rd8 41. Ne6 Rb8 42. d7 R4xb6 43. d8=Q Rxd8 44. Nxd8 h5 45. h4 Rb5 46. Rd7
Re5 47. Kg2 Re2 48. Kf3 Re5 49. Nc6 Rc5 50. Ne7+ Kh7 51. Ra7 Re5 52. Kf4 Re2
53. f3 Re5 54. Nf5 Kh8 55. Nxg7 1-0

[Event "chess.com Speed (Women)"]
[Site "Chess.com INT"]
[Date "2019.05.26"]
[Round "1.7"]
[White "Kosteniuk, Alexandra"]
[Black "Zatonskih, Anna"]
[Result "1-0"]
[WhiteElo "2546"]
[BlackElo "2424"]
[PlyCount "39"]
[EventDate "2019.05.22"]
[EventType "k.o. (blitz)"]
[EventRounds "3"]
[EventCountry "USA"]
[SourceTitle "CBM 190 Extra"]
[Source "ChessBase"]
[SourceDate "2019.07.15"]
[SourceVersion "1"]
[SourceVersionDate "2019.07.15"]
[SourceQuality "1"]

1. d4 d5 2. c4 e6 3. Nc3 Nf6 4. cxd5 exd5 5. Bg5 Be7 6. e3 O-O 7. Bd3 Nbd7 8.
Nf3 Re8 9. O-O c6 10. h3 a5 11. Qc2 Nf8 12. Ne5 g6 13. f4 Ne6 14. Bh6 Ng7 15.
f5 Nfh5 16. fxg6 hxg6 17. Nxf7 Qd7 18. Ne5 Qe6 19. Bxg6 Nf6 20. Bf7+ 1-0

[Event "chess.com Speed (Women)"]
[Site "Chess.com INT"]
[Date "2019.05.26"]
[Round "1.8"]
[White "Zatonskih, Anna"]
[Black "Kosteniuk, Alexandra"]
[Result "0-1"]
[WhiteElo "2424"]
[BlackElo "2546"]
[PlyCount "50"]
[EventDate "2019.05.22"]
[EventType "k.o. (blitz)"]
[EventRounds "3"]
[EventCountry "USA"]
[SourceTitle "CBM 190 Extra"]
[Source "ChessBase"]
[SourceDate "2019.07.15"]
[SourceVersion "1"]
[SourceVersionDate "2019.07.15"]
[SourceQuality "1"]

1. e4 e5 2. Nf3 Nf6 3. Nxe5 d6 4. Nf3 Nxe4 5. Nc3 Nxc3 6. dxc3 Be7 7. Be3 Nd7
8. Qd2 Nf6 9. O-O-O O-O 10. Bd3 c5 11. Kb1 b5 12. Ng5 Rb8 13. f3 d5 14. h4 c4
15. Be2 b4 16. Bd4 Qa5 17. g4 h6 18. Nh3 Bxg4 19. Rdg1 Bf5 20. Qxh6 Bg6 21. Qd2
bxc3 22. Bxc3 Bb4 23. Bxb4 Rxb4 24. Rxg6 Rxb2+ 25. Kxb2 Qxd2 0-1

[Event "chess.com Speed (Women)"]
[Site "Chess.com INT"]
[Date "2019.05.26"]
[Round "1.9"]
[White "Kosteniuk, Alexandra"]
[Black "Zatonskih, Anna"]
[Result "1-0"]
[WhiteElo "2546"]
[BlackElo "2424"]
[PlyCount "121"]
[EventDate "2019.05.22"]
[EventType "k.o. (blitz)"]
[EventRounds "3"]
[EventCountry "USA"]
[SourceTitle "CBM 190 Extra"]
[Source "ChessBase"]
[SourceDate "2019.07.15"]
[SourceVersion "1"]
[SourceVersionDate "2019.07.15"]
[SourceQuality "1"]

1. e4 e5 2. Nf3 Nf6 3. Nxe5 d6 4. Nf3 Nxe4 5. Bd3 Nf6 6. O-O Be7 7. c3 O-O 8.
Bc2 Re8 9. d4 Nbd7 10. Nbd2 Nf8 11. Re1 Ng6 12. Nf1 Bf8 13. h3 c6 14. Bg5 Bd7
15. Qd3 h6 16. Rxe8 Bxe8 17. Bd2 Bd7 18. Re1 Qb6 19. Bb3 d5 20. Ng3 c5 21. dxc5
Bxc5 22. Be3 Bb5 23. Qf5 Bxe3 24. Rxe3 Bc4 25. Qc2 Nf4 26. Nd4 Rd8 27. Qf5 Bxb3
28. axb3 Ng6 29. Qb1 a5 30. Qe1 Nf4 31. Qf1 Qc5 32. Qb5 b6 33. Qxc5 bxc5 34.
Nc6 Ra8 35. Nf5 a4 36. bxa4 Rxa4 37. Kh2 Ra2 38. g3 Ne6 39. Re2 Kf8 40. Kg2 Ne4
41. Rc2 h5 42. f3 Nf6 43. Rd2 g6 44. Ne3 d4 45. cxd4 cxd4 46. Nc4 h4 47. Nxd4
Nxd4 48. Rxd4 hxg3 49. Kxg3 Nh5+ 50. Kf2 Kg7 51. Rd2 Nf4 52. h4 Kh6 53. Ke3 Ne6
54. b4 Ra4 55. Rb2 Kh5 56. Nd6 f6 57. b5 Nc7 58. b6 Na6 59. b7 Nb8 60. Rc2 Ra3+
61. Kf2 1-0

[Event "chess.com Speed (Women)"]
[Site "Chess.com INT"]
[Date "2019.05.26"]
[Round "1.10"]
[White "Zatonskih, Anna"]
[Black "Kosteniuk, Alexandra"]
[Result "0-1"]
[WhiteElo "2424"]
[BlackElo "2546"]
[PlyCount "94"]
[EventDate "2019.05.22"]
[EventType "k.o. (blitz)"]
[EventRounds "3"]
[EventCountry "USA"]
[SourceTitle "CBM 190 Extra"]
[Source "ChessBase"]
[SourceDate "2019.07.15"]
[SourceVersion "1"]
[SourceVersionDate "2019.07.15"]
[SourceQuality "1"]

1. d4 Nf6 2. Nf3 e6 3. g3 b6 4. Bg2 Bb7 5. O-O Be7 6. c4 O-O 7. Re1 d5 8. cxd5
exd5 9. Nc3 Na6 10. Bf4 c5 11. dxc5 Nxc5 12. Nd4 Nce4 13. Rc1 Nxc3 14. bxc3 Ne4
15. Nf5 Bf6 16. Qd3 Qc8 17. Nd6 Nxd6 18. Bxd6 Rd8 19. Bf4 Ba6 20. Qd2 Bc4 21.
Rc2 h6 22. Be3 Qf5 23. Bd4 Rac8 24. e4 dxe4 25. Bxe4 Qh5 26. Qe3 Bxd4 27. cxd4
Re8 28. Qc1 b5 29. Bd3 Rxe1+ 30. Qxe1 Qd5 31. Bxc4 bxc4 32. Qc3 Re8 33. Rc1 Re2
34. h4 Qf5 35. Rf1 Rc2 36. Qe3 Rxa2 37. Rc1 Rc2 38. Rxc2 Qxc2 39. Qe8+ Kh7 40.
Qxf7 c3 41. Qc4 Qd1+ 42. Kg2 c2 43. Qd5 Qd3 44. Qc5 Qe4+ 45. Kh2 a5 46. d5 Qf5
47. Qe3 Qxd5 0-1

[Event "chess.com Speed (Women)"]
[Site "Chess.com INT"]
[Date "2019.05.26"]
[Round "1.11"]
[White "Kosteniuk, Alexandra"]
[Black "Zatonskih, Anna"]
[Result "0-1"]
[WhiteElo "2546"]
[BlackElo "2424"]
[PlyCount "124"]
[EventDate "2019.05.22"]
[EventType "k.o. (blitz)"]
[EventRounds "3"]
[EventCountry "USA"]
[SourceTitle "CBM 190 Extra"]
[Source "ChessBase"]
[SourceDate "2019.07.15"]
[SourceVersion "1"]
[SourceVersionDate "2019.07.15"]
[SourceQuality "1"]

1. Nf3 d5 2. g3 e6 3. Bg2 Nf6 4. O-O Be7 5. d4 O-O 6. c4 dxc4 7. Qc2 a6 8. a4
Bd7 9. Qxc4 Bc6 10. Nc3 b5 11. Qd3 b4 12. Nb1 Be4 13. Qd1 c5 14. Nbd2 Bb7 15.
Nb3 cxd4 16. Qxd4 Qxd4 17. Nfxd4 Bxg2 18. Kxg2 Rc8 19. Na5 Bd8 20. Nab3 Nc6 21.
Rd1 Nxd4 22. Rxd4 a5 23. Bf4 Bb6 24. Rd6 Bc7 25. Rd2 Bxf4 26. gxf4 Nd5 27. Kf3
Nb6 28. Nd4 Nc4 29. Rc2 Nb6 30. Rc6 Rxc6 31. Nxc6 b3 32. Nd4 Nc4 33. Nxb3 Nxb2
34. e3 Kf8 35. Ke2 Rb8 36. Nxa5 Ra8 37. Nc6 Nxa4 38. Kf3 Nb6 39. Rb1 Nd5 40.
Rb7 f6 41. Nd4 Re8 42. f5 exf5 43. Nxf5 Ne7 44. Nd6 Rd8 45. Ne4 Ng6 46. Nc5
Ne5+ 47. Kg3 Re8 48. e4 Kg8 49. f4 Nf7 50. Kf3 Nd6 51. f5 Nxb7 52. Nxb7 Rb8 53.
Nc5 Rb5 54. Ne6 Rb3+ 55. Kg4 Rb2 56. h4 Kf7 57. Nf4 g6 58. Ne6 Rb4 59. Kf4 gxf5
60. Nd8+ Ke8 61. Nc6 Rxe4+ 62. Kxf5 Rxh4 0-1

[Event "chess.com Speed (Women)"]
[Site "Chess.com INT"]
[Date "2019.05.26"]
[Round "1.12"]
[White "Zatonskih, Anna"]
[Black "Kosteniuk, Alexandra"]
[Result "1/2-1/2"]
[WhiteElo "2424"]
[BlackElo "2546"]
[PlyCount "132"]
[EventDate "2019.05.22"]
[EventType "k.o. (blitz)"]
[EventRounds "3"]
[EventCountry "USA"]
[SourceTitle "CBM 190 Extra"]
[Source "ChessBase"]
[SourceDate "2019.07.15"]
[SourceVersion "1"]
[SourceVersionDate "2019.07.15"]
[SourceQuality "1"]

1. d4 Nf6 2. Nf3 e6 3. c4 d5 4. Nc3 dxc4 5. e3 a6 6. a4 c5 7. Bxc4 Nc6 8. O-O
Be7 9. dxc5 O-O 10. Qe2 Bxc5 11. Rd1 Qc7 12. h3 Re8 13. e4 Nh5 14. Be3 Nf4 15.
Qe1 Bxe3 16. Qxe3 Ng6 17. Rac1 Qa5 18. b3 Qh5 19. Qg5 Qxg5 20. Nxg5 Nce5 21.
Be2 Bd7 22. g3 h6 23. Nf3 Nxf3+ 24. Bxf3 Bc6 25. Bg2 Red8 26. f4 Kf8 27. e5
Bxg2 28. Kxg2 Ne7 29. Ne4 Nd5 30. Kf3 b5 31. a5 f6 32. exf6 gxf6 33. Rc6 Ke7
34. Nc5 Rd6 35. Rxd6 Kxd6 36. Ne4+ Ke7 37. Rc1 f5 38. Nf2 Kd6 39. Nd3 b4 40.
Rc4 Rb8 41. Ne5 Ne7 42. Ke3 Rb5 43. Kd3 Rxa5 44. Rxb4 Rd5+ 45. Rd4 Kc5 46. Nd7+
Kc6 47. Ne5+ Kc5 48. Nd7+ Kc6 49. Ne5+ Kc5 50. Rxd5+ Nxd5 51. h4 Kb4 52. Kc2 h5
53. Nc6+ Ka3 54. Nd8 Ne3+ 55. Kc3 Nf1 56. Nxe6 Nxg3 57. Ng7 Ne2+ 58. Kc4 Nxf4
59. Nxf5 Ng6 60. Ng3 Nxh4 61. Nxh5 Nf3 62. Nf4 Nd2+ 63. Kc3 Nxb3 64. Nd3 a5 65.
Nb2 a4 66. Nxa4 Kxa4 1/2-1/2

[Event "chess.com Speed (Women)"]
[Site "Chess.com INT"]
[Date "2019.05.26"]
[Round "1.13"]
[White "Kosteniuk, Alexandra"]
[Black "Zatonskih, Anna"]
[Result "1/2-1/2"]
[WhiteElo "2546"]
[BlackElo "2424"]
[PlyCount "87"]
[EventDate "2019.05.22"]
[EventType "k.o. (blitz)"]
[EventRounds "3"]
[EventCountry "USA"]
[SourceTitle "CBM 190 Extra"]
[Source "ChessBase"]
[SourceDate "2019.07.15"]
[SourceVersion "1"]
[SourceVersionDate "2019.07.15"]
[SourceQuality "1"]

1. e4 d5 2. exd5 Qxd5 3. Nc3 Qd6 4. d4 c6 5. Nf3 Bg4 6. Be2 Nf6 7. h3 Bh5 8. g4
Bg6 9. Ne5 Nbd7 10. f4 e6 11. Bf3 Qc7 12. Qe2 Nxe5 13. dxe5 Nd5 14. Bxd5 cxd5
15. O-O Bc5+ 16. Kh2 h5 17. f5 Bh7 18. fxe6 fxe6 19. Bg5 Bd4 20. Rae1 Bxc3 21.
bxc3 Qxc3 22. Qb5+ Qc6 23. Qxc6+ bxc6 24. Rb1 hxg4 25. Rb7 Bf5 26. Re7+ Kf8 27.
Rxe6 Rxh3+ 28. Kg2 Rf3 29. Rxc6 Re8 30. Rxf3 gxf3+ 31. Kxf3 Rxe5 32. Kf4 Bd7
33. Kxe5 Bxc6 34. Kd6 Bb7 35. Kc7 Ba6 36. Be3 Bc4 37. Bxa7 Bxa2 38. Kd6 Kf7 39.
Ke5 Kg6 40. Kf4 Kh5 41. Kg3 Kg5 42. Bd4 g6 43. c3 Kf5 44. Bg7 1/2-1/2

[Event "chess.com Speed (Women)"]
[Site "Chess.com INT"]
[Date "2019.05.26"]
[Round "1.14"]
[White "Zatonskih, Anna"]
[Black "Kosteniuk, Alexandra"]
[Result "0-1"]
[WhiteElo "2424"]
[BlackElo "2546"]
[PlyCount "56"]
[EventDate "2019.05.22"]
[EventType "k.o. (blitz)"]
[EventRounds "3"]
[EventCountry "USA"]
[SourceTitle "CBM 190 Extra"]
[Source "ChessBase"]
[SourceDate "2019.07.15"]
[SourceVersion "1"]
[SourceVersionDate "2019.07.15"]
[SourceQuality "1"]

1. d4 Nf6 2. Nf3 e6 3. c4 b6 4. g3 Bb7 5. Bg2 Be7 6. O-O O-O 7. Re1 d5 8. cxd5
exd5 9. b3 Na6 10. Bb2 Ne4 11. Nc3 Bf6 12. Rc1 c5 13. dxc5 bxc5 14. Na4 Bxb2
15. Nxb2 d4 16. Na4 Rc8 17. Qd3 Nb4 18. Qb1 f5 19. a3 Nd5 20. Qd3 Ndc3 21. Nxc3
Nxc3 22. e3 Be4 23. Qc4+ Bd5 24. Qd3 Be4 25. Qc4+ Kh8 26. exd4 cxd4 27. Qxd4
Ne2+ 28. Rxe2 Rxc1+ 0-1

[Event "chess.com Speed (Women)"]
[Site "Chess.com INT"]
[Date "2019.05.26"]
[Round "1.15"]
[White "Kosteniuk, Alexandra"]
[Black "Zatonskih, Anna"]
[Result "0-1"]
[WhiteElo "2546"]
[BlackElo "2424"]
[PlyCount "110"]
[EventDate "2019.05.22"]
[EventType "k.o. (blitz)"]
[EventRounds "3"]
[EventCountry "USA"]
[SourceTitle "CBM 190 Extra"]
[Source "ChessBase"]
[SourceDate "2019.07.15"]
[SourceVersion "1"]
[SourceVersionDate "2019.07.15"]
[SourceQuality "1"]

1. d4 d5 2. c4 e6 3. Nc3 Nf6 4. cxd5 exd5 5. Bg5 Be7 6. e3 Nbd7 7. Bd3 Nf8 8.
Nge2 Ne6 9. Bh4 O-O 10. Qc2 g6 11. O-O b6 12. f4 Ng7 13. f5 c6 14. Ng3 c5 15.
Bxf6 Bxf6 16. Nxd5 Qxd5 17. Be4 Qd8 18. Bxa8 Ba6 19. fxg6 fxg6 20. Rxf6 Rxf6
21. Be4 cxd4 22. Rd1 Rd6 23. Qb3+ Kh8 24. exd4 Rxd4 25. Re1 Bc4 26. Qc3 b5 27.
b3 Bd3 28. Bxd3 Rxd3 29. Qe5 a6 30. h3 Rd1 31. Rxd1 Qxd1+ 32. Kh2 Qd8 33. Ne4
h6 34. Nc5 Qc8 35. Qd6 Kh7 36. b4 Nf5 37. Qe5 h5 38. Ne4 Kh6 39. h4 Qd7 40.
Qf4+ Kg7 41. Qe5+ Kh6 42. Qh8+ Qh7 43. Qxh7+ Kxh7 44. Nc5 Nxh4 45. Nxa6 Nf5 46.
Nc7 Nd4 47. Kg3 g5 48. Kf2 Kg6 49. a3 Kf5 50. Ke3 Nc2+ 51. Kd3 Nxa3 52. Kc3 h4
53. Kb3 g4 54. Nd5 Nc4 55. Ne7+ Kg5 0-1

[Event "chess.com Speed (Women)"]
[Site "Chess.com INT"]
[Date "2019.05.26"]
[Round "1.16"]
[White "Zatonskih, Anna"]
[Black "Kosteniuk, Alexandra"]
[Result "0-1"]
[WhiteElo "2424"]
[BlackElo "2546"]
[PlyCount "148"]
[EventDate "2019.05.22"]
[EventType "k.o. (blitz)"]
[EventRounds "3"]
[EventCountry "USA"]
[SourceTitle "CBM 190 Extra"]
[Source "ChessBase"]
[SourceDate "2019.07.15"]
[SourceVersion "1"]
[SourceVersionDate "2019.07.15"]
[SourceQuality "1"]

1. e4 e5 2. Nf3 Nf6 3. Nc3 Nc6 4. d4 exd4 5. Nxd4 Bb4 6. Nxc6 bxc6 7. Bd3 O-O
8. O-O d5 9. exd5 cxd5 10. h3 Rb8 11. Qf3 Re8 12. Bg5 c6 13. Rfe1 Be6 14. Rab1
Be7 15. Ne2 h6 16. Bf4 Bd6 17. Nd4 Bxf4 18. Qxf4 Qc8 19. b3 c5 20. Nxe6 Rxe6
21. Rxe6 fxe6 22. Re1 Rb6 23. c4 Qd8 24. g4 Qd6 25. Qe3 Nd7 26. cxd5 exd5 27.
Qe7 Nf8 28. Qxd6 Rxd6 29. f4 Ne6 30. f5 Nf4 31. Bf1 d4 32. Kf2 Kf8 33. Kf3 Nd5
34. Ke4 Nc3+ 35. Kd3 Nxa2 36. Ra1 Nb4+ 37. Kc4 Rd7 38. Kxc5 Nc2 39. Rc1 Ne3 40.
Bd3 Ng2 41. Rf1 Ne3 42. Ra1 Ke7 43. b4 Ng2 44. Be4 Nf4 45. Bc6 Rd8 46. Re1+ Kf6
47. Rh1 d3 48. Bf3 d2 49. Kc4 Nd3 50. Bd1 Nf2 51. Rf1 Nxh3 52. Kc3 Ng5 53. Bb3
Ne4+ 54. Kc2 Rc8+ 55. Kd3 Rc1 56. Rd1 Rc3+ 57. Kxe4 Rxb3 58. Rxd2 Rxb4+ 59. Kf3
Rb3+ 60. Kf4 Rb4+ 61. Kf3 Rb7 62. Rd6+ Kf7 63. Ra6 Re7 64. Kf4 Ke8 65. g5 hxg5+
66. Kxg5 Rf7 67. Kg6 Kf8 68. Kg5 Kg8 69. Ra5 Kf8 70. Ra6 Rb7 71. Ra5 Kf7 72.
Ra6 Rc7 73. Ra5 Ke8 74. Kg6 Kd8 0-1